LDR 00662naa#a2200181#i#450# 001 EN\\bibl\123370 005 20260705194934.7 011 ## _a1994-4683 100 ## _a20230731b2023####ek#y0engy0150####ca 102 ## _aRU 200 1# _aTHE INFLUENCE OF BREATHING EXERCISES ON THE RESULTS IN SHOOTING SPORTS _eJournal article 210 1# _aMoscow _cNational State University of Physical Education, Sports and Health named after P.F. Lesgaft _d2023 215 ## _a3 с. 608 ## _aJournal article _2local 675 ## _aСтрелковый спорт. Стендовая стрельба. 799.3 _z 700 #1 _aGrinchenko _gV S 700 #1 _aGulyay _gV G 856 4# _auchzapiski.lesgaft.spb.ru _u